Handbook of international economics / (Record no. 3477)

000 -LEADER
fixed length control field 01692cam a2200361 a 4500
001 - CONTROL NUMBER
control field 462575
003 - CONTROL NUMBER IDENTIFIER
control field OSt
005 - DATE AND TIME OF LATEST TRANSACTION
control field 20180117090007.0
008 - FIXED-LENGTH DATA ELEMENTS--GENERAL INFORMATION
fixed length control field 840502m19849999ne a b 001 0 eng
010 ## - LIBRARY OF CONGRESS CONTROL NUMBER
LC control number 83025438
020 ## - INTERNATIONAL STANDARD BOOK NUMBER
International Standard Book Number 0444866892 (Elsevier : set)
020 ## - INTERNATIONAL STANDARD BOOK NUMBER
International Standard Book Number 0444867929 (Elsevier : v. 1) :
Terms of availability fl 350.00
020 ## - INTERNATIONAL STANDARD BOOK NUMBER
International Standard Book Number 0444867937 (Elsevier : v. 2)
020 ## - INTERNATIONAL STANDARD BOOK NUMBER
International Standard Book Number 9780444543141 (v. 4)
040 ## - CATALOGING SOURCE
Original cataloging agency DLC
Transcribing agency DLC
Modifying agency DLC
-- OCoLC
-- DLC
050 00 - LIBRARY OF CONGRESS CALL NUMBER
Classification number HF1411
Item number .H257 1984
082 00 - DEWEY DECIMAL CLASSIFICATION NUMBER
Classification number 337
Edition number 19
245 00 - TITLE STATEMENT
Title Handbook of international economics /
Statement of responsibility, etc. edited by Ronald W. Jones and Peter B. Kenen.
260 ## - PUBLICATION, DISTRIBUTION, ETC.
Place of publication, distribution, etc. Amsterdam ;
-- New York :
Name of publisher, distributor, etc. North Holland ;
Place of publication, distribution, etc. New York, N.Y., U.S.A. :
Name of publisher, distributor, etc. Sole distributors for the U.S.A. and Canada, Elsevier Science Pub. Co.,
Date of publication, distribution, etc. 1984-<c2014 >
300 ## - PHYSICAL DESCRIPTION
Extent v. <1-4 > :
Other physical details ill. ;
Dimensions 25 cm.
440 #0 - SERIES STATEMENT/ADDED ENTRY--TITLE
Title Handbooks in economics
500 ## - GENERAL NOTE
General note Vol. 3: edited by Gene M. Grossman and Kenneth Rogoff and published by: Elsevier; vol. 4 edited by Gita Gopinath, Elhanan Helpman, Kenneth Rogoff.
504 ## - BIBLIOGRAPHY, ETC. NOTE
Bibliography, etc. note Includes bibliographies and indexes.
650 #0 - SUBJECT ADDED ENTRY--TOPICAL TERM
Topical term or geographic name entry element International economic relations.
700 1# - ADDED ENTRY--PERSONAL NAME
Personal name Jones, Ronald Winthrop,
Dates associated with a name 1931-
700 1# - ADDED ENTRY--PERSONAL NAME
Personal name Kenen, Peter B.,
Dates associated with a name 1932-
856 42 - ELECTRONIC LOCATION AND ACCESS
Materials specified Publisher description
Uniform Resource Identifier <a href="http://www.loc.gov/catdir/enhancements/fy0601/83025438-d.html">http://www.loc.gov/catdir/enhancements/fy0601/83025438-d.html</a>
856 41 - ELECTRONIC LOCATION AND ACCESS
Materials specified Table of contents only
Uniform Resource Identifier <a href="http://www.loc.gov/catdir/enhancements/fy0601/83025438-t.html">http://www.loc.gov/catdir/enhancements/fy0601/83025438-t.html</a>
906 ## - LOCAL DATA ELEMENT F, LDF (RLIN)
a 7
b cbc
c orignew
d 1
e ocip
f 19
g y-gencatlg
942 ## - ADDED ENTRY ELEMENTS (KOHA)
Source of classification or shelving scheme
Koha item type Book
Holdings
Withdrawn status Lost status Source of classification or shelving scheme Damaged status Not for loan Collection code Permanent Location Current Location Shelving location Date acquired Total Checkouts Full call number Barcode Date last seen Date last checked out Price effective from Koha item type
            Central Library (CL) Central Library (CL) General Stacks 06/27/2016 1 337 HAN S3H-S-819 03/25/2025 10/10/2017 06/27/2016 Book
© 2023 Central Library, National University of Sciences and Technology. All Rights Reserved.